000 00540nam a2200181Ia 4500
003 OSt
005 20200213145803.0
008 190216s9999||||xx |||||||||||||| ||und||
020 _a8176382981
040 _coclc
082 _a297.09
_bALI/S
100 _a Ali, Sayyid Ameer
_91962
245 0 _aSarasa Charitra Samagraham /
_cSayyid Ameer Ali
260 _bKerala Bhasha Institute,
_aThiruvananthapuram:
_c2002.
300 _a546p
650 _xIslamic History
942 _cBK
_2ddc
_h297.09
_iALI/S
_k297.09
_mALI/S
999 _c22610
_d22610